MARC

LEADER 00000nam0a2200000 4500
001 84988
005 20231031100839.0
010 |a 5279028665  |b 3000 экз. 
021 |a RU  |b 05-35466  |9 05-1768 
035 |a (RuTPU)RU\TPU\book\91321 
090 |a 84988 
100 |a 20051109d2005 km y0rusy5002 ca 
101 0 |a rus 
102 |a RU 
105 |a y z 000zy 
200 1 |a Международные стандарты финансовой отчетности в примерах и задачах  |e для бухгалтеров  |f С. Г. Ковалев, Т. Н. Малькова 
210 |a Москва  |c Финансы и статистика  |d 2005 
215 |a 294 с.  |d 21 см. 
610 1 |a экономика 
610 1 |a бухгалтерский учет 
610 1 |a финансовая отчетность 
610 1 |a бухгалтерская отчетность 
610 1 |a международные стандарты 
610 1 |a запасы 
610 1 |a денежные потоки 
610 1 |a договоры подряда 
610 1 |a налог на прибыль 
610 1 |a сегментная отчетность 
610 1 |a основные средства 
610 1 |a аренда 
610 1 |a выручка 
610 1 |a займы 
610 1 |a финансовые инструменты 
610 1 |a прибыль 
610 1 |a активы 
610 1 |a задачи 
610 1 |a решение 
610 1 |a учебные пособия 
675 |a 657.6(076)  |v 3  |z rus 
700 1 |a Ковалев  |b С. Г.  |g Сергей Георгиевич  |4 070 
701 1 |a Малькова  |b Т. Н.  |g Татьяна Николаевна  |4 070 
801 0 |a RU  |b RKP  |c 20050704  |g PSBO 
801 1 |a RU  |b 63413507  |c 20051109  |g PSBO 
801 2 |a RU  |b 63413507  |c 20151216  |g PSBO 
942 |c BK